Welcome to the Holygrace Academy Library

Please use search bar below to get started

ONLINE VAZHI VEETILIRUNNU PANAMUNDAKKAAM (Record no. 6868)

MARC details
000 -LEADER
fixed length control field 00356nam a22001457a 4500
020 ## - INTERNATIONAL STANDARD BOOK NUMBER
ISBN 978-93-83197-31-6
082 ## - DEWEY DECIMAL CLASSIFICATION NUMBER
Classification number 894.812
Item number MOH/O
100 ## - MAIN ENTRY--AUTHOR NAME
Personal name MOHAN,NAVEEN
245 ## - TITLE STATEMENT
Title ONLINE VAZHI VEETILIRUNNU PANAMUNDAKKAAM
250 ## - EDITION STATEMENT
Edition statement SECOND
260 ## - PUBLICATION, DISTRIBUTION, ETC. (IMPRINT)
Place of publication KOTTAYAM
Name of publisher MANORAMA BOOKS
Year of publication 2014
300 ## - PHYSICAL DESCRIPTION
Number of Pages 160
650 ## - SUBJECT ADDED ENTRY--TOPICAL TERM
Topical Term GENERAL AWARENESS
Geographic subdivision KERALA
942 ## - ADDED ENTRY ELEMENTS (KOHA)
Koha item type Books
Holdings
Withdrawn status Lost status Collection code Home library Current library Shelving location Date acquired Source of acquisition Cost, normal purchase price Full call number Accession Number Koha item type
    Reference Main Library Main Library NEW SHELF WITH NEW ENTRY 05/10/2023 PURCHASE 130.00 894.812 MOH/O 12939 Books